[Event "Gdansk op"]
[Site "Gdansk"]
[Date "2008.07.26"]
[Round "8"]
[White "Kusmierz, Maciej"]
[Black "Ziemann, Jaroslaw"]
[Result "1/2-1/2"]
[WhiteElo "2147"]
[BlackElo "1986"]
[PlyCount "56"]
[EventDate "2008.07.19"]
[EventType "swiss"]
[EventRounds "9"]
[EventCountry "POL"]
[SourceTitle "EXT 2009"]
[Source "ChessBase"]
[SourceDate "2008.11.26"]
[SourceVersion "1"]
[SourceVersionDate "2008.11.26"]
[SourceQuality "1"]

1. d4 d5 2. Nf3 Nf6 3. c4 c6 4. Nc3 e6 5. e3 Be7 6. Qc2 0-0 7. Bd3 h6 8. b3 b6 9. Bb2 Ba6 10. Rd1 Nbd7 11. e4 dxe4 12. Nxe4 Bb7 13. 0-0 Qc7 14. Qe2 c5 15. dxc5 bxc5 16. Ng3 Rad8 17. Ne5 Nxe5 18. Bxe5 Qc6 19. f3 Rd7 20. Ne4 Rfd8 21. Nxf6+ Bxf6 22. Bxf6 gxf6 23. Be4 Qc7 24. Rxd7 Rxd7 25. Bxb7 Qxb7 26. Qe3 Kg7 27. Qxc5 Rd2 28. Qe3 Rxa2 1/2-1/2

[Event "Gdansk op"]
[Site "Gdansk"]
[Date "2008.07.26"]
[Round "9"]
[White "Walczak, Krystian"]
[Black "Kusmierz, Maciej"]
[Result "0-1"]
[WhiteElo "1988"]
[BlackElo "2147"]
[PlyCount "78"]
[EventDate "2008.07.19"]
[EventType "swiss"]
[EventRounds "9"]
[EventCountry "POL"]
[SourceTitle "EXT 2009"]
[Source "ChessBase"]
[SourceDate "2008.11.26"]
[SourceVersion "1"]
[SourceVersionDate "2008.11.26"]
[SourceQuality "1"]

1. e4 c5 2. Nf3 Nc6 3. d4 cxd4 4. Nxd4 Nf6 5. Nc3 e5 6. Ndb5 d6 7. Bg5 a6 8. Bxf6 gxf6 9. Na3 b5 10. Nd5 f5 11. exf5 Bxf5 12. c3 Bg7 13. Nc2 0-0 14. Nce3 Be6 15. Bd3 f5 16. 0-0 Kh8 17. f4 Ne7 18. Be2 Ng6 19. a4 exf4 20. Nc2 Rg8 21. axb5 axb5 22. Rxa8 Qxa8 23. Bf3 Qa2 24. Ncb4 Qc4 25. Qd2 Be5 26. Qf2 Qc5 27. Nd3 Qc4 28. N3b4 Qc5 29. Nd3 Qc8 30. Ra1 Qd8 31. Ra7 Qg5 32. N3b4 Nh4 33. Qe2 Nxf3+ 34. Qxf3 Qh4 35. Ra1 Bf7 36. Qf2 Qg5 37. Kh1 Qh6 38. Ra7 f3 39. g3 Bxg3 0-1

[Event "Gdansk op"]
[Site "Gdansk"]
[Date "2008.07.22"]
[Round "4"]
[White "Kusmierz, Maciej"]
[Black "Turek, Andrzej"]
[Result "0-1"]
[WhiteElo "2147"]
[BlackElo "1989"]
[PlyCount "51"]
[EventDate "2008.07.19"]
[EventType "swiss"]
[EventRounds "9"]
[EventCountry "POL"]
[SourceTitle "EXT 2009"]
[Source "ChessBase"]
[SourceDate "2008.11.26"]
[SourceVersion "1"]
[SourceVersionDate "2008.11.26"]
[SourceQuality "1"]

1. d4 Nf6 2. Nf3 d5 3. c4 g6 4. Nc3 Bg7 5. cxd5 Nxd5 6. e4 Nxc3 7. bxc3 c5 8. h3 0-0 9. Be2 cxd4 10. cxd4 Nc6 11. Be3 Qa5+ 12. Qd2 Qxd2+ 13. Kxd2 Rd8 14. Kd3 b6 15. Rad1 Bb7 16. Kc2 Rac8 17. Kb1 Nb4 18. d5 Nc2 19. Nd4 Nxe3 20. fxe3 Bh6 21. Rhe1 Rc5 22. Bf3 a6 23. Nb3 Rc3 24. e5 Rxe3 25. Rxe3 Bxe3 26. e6 0-1

[Event "Gdansk-ch"]
[Site "Gdansk"]
[Date "2007.07.29"]
[Round "9"]
[White "Karlo, Tymoteusz"]
[Black "Kusmierz, Maciej"]
[Result "1/2-1/2"]
[WhiteElo "1948"]
[BlackElo "2170"]
[PlyCount "44"]
[EventDate "2007.07.22"]
[EventType "swiss"]
[EventRounds "9"]
[EventCountry "POL"]
[SourceTitle "CBM 119 Extra"]
[Source "ChessBase"]
[SourceDate "2007.09.04"]
[SourceVersion "1"]
[SourceVersionDate "2007.09.04"]
[SourceQuality "1"]

1. d4 d5 2. c4 c6 3. Nf3 Nf6 4. e3 e6 5. Nc3 Nbd7 6. Bd3 dxc4 7. Bxc4 b5 8. Bd3 a6 9. 0-0 Bb7 10. b3 c5 11. Bb2 Be7 12. Rc1 0-0 13. Bb1 Qb6 14. e4 cxd4 15. Nxd4 Rfd8 16. Nf3 Ne5 17. Qe2 Nxf3+ 18. Qxf3 Rd2 19. Rc2 Rd7 20. Re2 e5 21. Nd5 Qe6 22. Nxe7+ Rxe7 1/2-1/2

[Event "Gdansk-ch"]
[Site "Gdansk"]
[Date "2007.07.28"]
[Round "8"]
[White "Kusmierz, Maciej"]
[Black "Poniewierski, Piotr"]
[Result "1/2-1/2"]
[WhiteElo "2170"]
[BlackElo "2046"]
[PlyCount "37"]
[EventDate "2007.07.22"]
[EventType "swiss"]
[EventRounds "9"]
[EventCountry "POL"]
[SourceTitle "CBM 119 Extra"]
[Source "ChessBase"]
[SourceDate "2007.09.04"]
[SourceVersion "1"]
[SourceVersionDate "2007.09.04"]
[SourceQuality "1"]

1. d4 Nf6 2. c4 e6 3. Nc3 d5 4. Nf3 c5 5. cxd5 exd5 6. g3 Nc6 7. Bg2 Be7 8. 0-0 0-0 9. Bg5 cxd4 10. Nxd4 h6 11. Be3 Re8 12. Rc1 Bg4 13. Re1 Qd7 14. Nxc6 bxc6 15. Na4 Bb4 16. Bd2 Rab8 17. a3 Bd6 18. Bc3 Be5 19. Nc5 1/2-1/2

[Event "Gdansk-ch 8th"]
[Site "Gdansk"]
[Date "2006.07.23"]
[Round "1"]
[White "Kusmierz, Maciej"]
[Black "Zielinski, Maciej"]
[Result "1-0"]
[WhiteElo "2157"]
[BlackElo "1898"]
[PlyCount "51"]
[EventDate "2006.07.23"]
[EventType "swiss"]
[EventRounds "9"]
[EventCountry "POL"]
[SourceTitle "EXT 2008"]
[Source "ChessBase"]
[SourceDate "2007.11.25"]
[SourceVersion "1"]
[SourceVersionDate "2007.11.25"]
[SourceQuality "1"]

1. d4 Nf6 2. c4 g6 3. Nc3 Bg7 4. e4 d6 5. Nf3 0-0 6. Be2 Nbd7 7. 0-0 e5 8. Qc2 Nh5 9. Rd1 Qe8 10. Nd5 Qd8 11. dxe5 dxe5 12. c5 c6 13. Nc3 Qa5 14. Be3 Nf4 15. Rab1 Qc7 16. b4 f5 17. Bc4+ Kh8 18. Rd6 b5 19. Bb3 Rf6 20. Bxf4 exf4 21. e5 Rf8 22. Re1 Nxe5 23. Nxe5 Re8 24. Nxg6+ hxg6 25. Rxe8+ Kh7 26. Bg8+ 1-0

[Event "POL-chT 2nd League"]
[Site "Wysowa"]
[Date "2005.08.27"]
[Round "1.71"]
[White "Ciesla, Konrad"]
[Black "Kusmierz, Maciej"]
[Result "1/2-1/2"]
[WhiteElo "1965"]
[BlackElo "2155"]
[PlyCount "59"]
[EventDate "2005.08.27"]
[EventType "team-swiss"]
[EventRounds "9"]
[EventCountry "POL"]
[SourceTitle "EXT 2019"]
[Source "ChessBase"]
[SourceDate "2018.10.10"]
[SourceVersion "1"]
[SourceVersionDate "2018.10.10"]
[SourceQuality "1"]
[WhiteTeam "Kielce Fart"]
[BlackTeam "Gdynia Korsarz"]
[WhiteTeamCountry "POL"]
[BlackTeamCountry "POL"]

1. e4 c5 2. f4 Nc6 3. Bb5 g6 4. Bxc6 dxc6 5. Nf3 Bg7 6. d3 Nf6 7. Nc3 0-0 8. Be3 b6 9. h3 Ne8 10. Qd2 Nc7 11. 0-0-0 e6 12. g4 f5 13. Rdg1 Nb5 14. e5 Nxc3 15. bxc3 Qd5 16. Qg2 c4 17. gxf5 exf5 18. d4 c5 19. h4 cxd4 20. Bxd4 Bb7 21. Rh3 Bh6 22. Qg3 Qxf3 23. Qxf3 Bxf3 24. Rxf3 Kf7 25. Kd2 Rad8 26. Ke3 Rg8 27. a4 Rd5 28. Rb1 Rc8 29. Rh3 Rc6 30. Rb4 1/2-1/2